8th Congress of the International Association for Engineering Geology and Environment - Vancouver, Kolumbia Brytyjska, Kanada, 21-25.09.1998 / (Rekord nr 9389)
| 000 -ETYKIETA REKORDU | |
|---|---|
| podpole kontrolne o stałej długości | 00695naa a22001457i 4500 |
| 001 - NUMER KONTROLNY REKORDU | |
| podpole kontrolne | 9389 |
| 003 - IDENTYFIKATOR NUMERU KONTROLNEGO REKORDU | |
| podpole kontrolne | KOSZ 005 |
| 005 - DATA OSTATNIEJ MODYFIKACJI REKORDU | |
| podpole kontrolne | 20180502144253.0 |
| 008 - POLE O STAŁEJ DŁUGOŚCI - DANE KONTROLNE | |
| podpole kontrolne o stałej długości | 180327s1999 pl ||||f |||| 00| 0 pol d |
| 040 ## - ŹRÓDŁO KATALOGOWANIA | |
| Instytucja, która sporządziła opis | 005 KOSZ/AR |
| Instytucja, która utworzyła rekord | 005 KOSZ/AR |
| 100 1# - NAZWA OSOBOWA | |
| Nazwa osobowa | ŻUREK-PYSZ, Urszula. |
| Instytucja | Politechnika Koszalińska - Wydział Budownictwa i Inżynierii Środowiska, |
| Wydział | Katedra Geotechniki |
| Lata pracy | 1996 - . |
| 245 10 - TYTUŁ/ODPOWIEDZIALNOŚĆ | |
| Tytuł | 8th Congress of the International Association for Engineering Geology and Environment - Vancouver, Kolumbia Brytyjska, Kanada, 21-25.09.1998 / |
| Pozostałe elementy strefy tytułu i oznaczenia odpowiedzialności | Urszula Żurek-Pysz. |
| 773 ## - TYTUŁ DOKUMENTU MACIERZYSTEGO | |
| Wyrażenie wprowadzające | W : |
| Tytuł | Przegląd Geologiczny. - |
| Adres wydawniczy | Warszawa : Wydawnictwa Geologiczne. - |
| Informacje dotyczące relacji | 1999, R. 47, nr 5, s. 402 |
| ISSN | 0033-2151 |
| 942 ## - HASŁO DODATKOWE - ELEMENTY(KOHA) | |
| Schemat klasyfikacji | Uniwersalna klasyfikacja dziesiętna |
| Typ dokumentu | Artykuł |
Brak dostępnych egzemplarzy.
